| 000 | 00878 a2200217 4500 | ||
|---|---|---|---|
| 003 | Nust | ||
| 005 | 20230819150329.0 | ||
| 010 | _a 84022019 | ||
| 020 | _a0471808709 | ||
| 040 | _cNust | ||
| 082 | 0 | 0 | _a620.0045,MON |
| 100 | 1 | _aMontgomery, Douglas C. | |
| 245 | 1 | 0 |
_aIntroduction to statistical quality control _cDouglas C. Montgomery. |
| 260 |
_aNew York : _bWiley, _cc1985. |
||
| 300 |
_axviii, 520 p. : _bill. ; _c24 cm. |
||
| 505 | _aPart I Statistical Methods Useful in Quality Improvement (Page-39), Part II Statistical Process Control (Page-145), Part III Process Improvements with Design Experiments (Page-383), Part IV Acceptance Sampling (Page-547), Part v Acceptance Sampling (Page-643). | ||
| 650 | 0 |
_aProcess control _xStatistical methods. |
|
| 650 | 0 |
_aQuality control _xStatistical methods. |
|
| 740 | 0 | _aStatistical quality control. | |
| 942 |
_2ddc _cBK |
||
| 999 |
_c217730 _d217730 |
||